| 000 | 00433cam a2200193 4500 | ||
|---|---|---|---|
| 001 | D8228 | ||
| 008 | 090401t1985 xxu||||| |||| 00| 0 eng d | ||
| 035 | _a(Sirsi) u11889 | ||
| 041 | _aeng | ||
| 050 | _a333.332 | ||
| 100 | _aRichmond, David | ||
| 245 | _aIntroduction to valuation | ||
| 250 | _a2nd | ||
| 260 |
_aLondon _bMacMillan _c1985 |
||
| 300 | _avii. 185p. 22cm | ||
| 350 | _a5.95 | ||
| 942 | _n0 | ||
| 948 | _c04/03/1997 | ||
| 999 |
_c86926 _d86926 |
||